Les animaux sauvages en captivité: introduction a la biologie des jardins zoologiques
Gespeichert in:
| 1. Verfasser: | |
|---|---|
| Format: | Buch |
| Sprache: | Französisch |
| Veröffentlicht: |
París, Francia
Payot
1953
|
| Schriftenreihe: | Bibliothèque Scientifique
|
| Schlagworte: | |
| Tags: |
Tag hinzufügen
Keine Tags, Fügen Sie den ersten Tag hinzu!
|
MARC
| LEADER | 00000nam a2200000 a 4500 | ||
|---|---|---|---|
| 001 | UCT5490 | ||
| 003 | CL-VaPUC | ||
| 005 | 20250102160935.0 | ||
| 008 | 961211e19530000FR |||||||||||||||||fre|d | ||
| 999 | |c 254411 |d 254409 | ||
| 040 | |c Pontificia Universidad Católica de Valparaíso | ||
| 082 | 0 | 4 | |a 590.744 HED 1953 |2 21 |
| 100 | 0 | |a Hediger, H |9 374982 | |
| 245 | 1 | 4 | |a Les animaux sauvages en captivité: introduction a la biologie des jardins zoologiques |
| 260 | 0 | 3 | |a París, Francia |b Payot |c 1953 |
| 300 | |a 247 páginas | ||
| 490 | 0 | |a Bibliothèque Scientifique | |
| 583 | |a last modification |c 19961211 00:00:00 |k Rodrigo Vera | ||
| 650 | 0 | |a Animales |9 269820 | |
| 650 | 0 | |a Zoología |9 261613 | |
| 650 | 0 | |a Parques zoológicos |9 374983 | |
| 650 | 7 | |a RECURSOS ANIMALES |2 CL-VaPUC |9 357360 | |
| 650 | 7 | |a COMPORTAMIENTO ANIMAL |2 CL-VaPUC |9 334602 | |
| 650 | 7 | |a ECOLOGIA ANIMAL |2 CL-VaPUC |9 374984 | |
| 650 | 0 | |a Animales de zoológico |9 374985 | |
| 650 | 0 | |a Animales salvajes |9 370432 | |
| 942 | |c BK |2 ddc | ||
| 945 | |d 19961211 00:00:00 |a paguirre | ||